000 00372 a2200169 4500
001 183615
020 _a85-08-0903-1
040 _cMagnum
100 _aDrewnick, Raul
240 1 0 _aA noite dos quatro furacões
_lpor
245 1 0 _aA noite dos quatro furacões
300 _a144
362 0 _a2005
440 1 _aÁtica
697 _aLITERATURA JUVENIL
942 _cBK
999 _c183615
_d183615